BGMEA University of Fashion and Technology
University Library

The royal wedding /. (Record no. 2105)

MARC details
000 -LEADER
fixed length control field 00342nam a22001337a 4500
003 - CONTROL NUMBER IDENTIFIER
control field BD-DhBUF
005 - DATE AND TIME OF LATEST TRANSACTION
control field 20240707121602.0
008 - FIXED-LENGTH DATA ELEMENTS--GENERAL INFORMATION
fixed length control field 240707b bg ||||| |||| 00| 0 ben d
040 ## - CATALOGING SOURCE
Original cataloging agency BD-DhBUF
Transcribing agency BD-DhBUF
245 ## - TITLE STATEMENT
Title The royal wedding /.
260 ## - PUBLICATION, DISTRIBUTION, ETC.
Name of publisher, distributor, etc. Gracious Permission of Her Majesty The Queen,
300 ## - PHYSICAL DESCRIPTION
Extent 32p.
Dimensions 29cm.
942 ## - ADDED ENTRY ELEMENTS (KOHA)
Source of classification or shelving scheme Dewey Decimal Classification
Koha item type Books
Holdings
Withdrawn status Lost status Source of classification or shelving scheme Damaged status Not for loan Home library Current library Date acquired Total Checkouts Full call number Barcode Date last seen Copy number Price effective from Koha item type
    Dewey Decimal Classification     BUFT Library BUFT Library 12/19/2013   823.914 R8884 2013-0503 07/07/2024 C-1 07/07/2024 Books
Copyright © 2019-2023 | BUFT Library
BGMEA University of Fashion and Technology
Library Home | University Home
| Maintained by Library Team